000 00649nam a22002297a 4500
003 UA-OsUOA
001 78735
007 ta
008 20111019b un ||||| |||| 00| 0 ukr d
100 _aЗагребельный П.А.
090 _a821.161.1(477)
_bЗ-14
942 _cBK
040 _aUA-OsUOA
_brus
_cUA-OsUOA
_dUA-OsUOA
245 _aСобрание сочинений. В 5-ти т.
_bроманы
_n3
300 _a645 с.
955 _a3
041 _arus
080 _a821.161.1(477)
260 _aМ.
_bХудож. лит.
_c1987
650 7 _a82 Література. Літературознавство
_2UDC
999 _c365047
_d365047